[Event "FRA Team Ch"]
[Site "REIMS"]
[Date "2002.??.??"]
[Round "10.8"]
[White "Rouchouse, Stevens"]
[Black "Aguettaz, Maxime"]
[Result "1/2-1/2"]
[WhiteElo "2185"]
[BlackElo "2206"]
[PlyCount "87"]
[EventDate "2005.05.??"]

1. e4 c5 2. Nf3 Nc6 3. d4 cxd4 4. Nxd4 Nf6 5. Nc3 e5 6. Ndb5 d6 7. Bg5 a6 8.
Na3 b5 9. Nd5 Be7 10. Bxf6 Bxf6 11. c3 O-O 12. Nc2 Bg5 13. a4 bxa4 14. Rxa4 a5
15. Bc4 Rb8 16. b3 Kh8 17. O-O g6 18. Qd3 f5 19. f3 Rb7 20. Rd1 h5 21. Nce3 h4
22. Bb5 Na7 23. Bc4 fxe4 24. Qxe4 Bf5 25. Nxf5 gxf5 26. Qd3 Rg7 27. f4 exf4 28.
Qf3 Nc6 29. Nxf4 Ne5 30. Qf1 Ng4 31. Rd2 Qb6+ 32. Rd4 Bf6 33. Ne6 Bxd4+ 34.
cxd4 Rg6 35. Nxf8 Qxd4+ 36. Kh1 Nf2+ 37. Kg1 Ne4+ 38. Kh1 Nf2+ 39. Kg1 Ne4+ 40.
Kh1 Rh6 41. Ng6+ Rxg6 42. Bf7 Nf2+ 43. Kg1 Nh3+ 44. Kh1 1/2-1/2

[Event "FRA Team Ch"]
[Site "REIMS"]
[Date "2002.??.??"]
[Round "10.9"]
[White "Gras, Delphine"]
[Black "Dacalor, Aurelie"]
[Result "1/2-1/2"]
[WhiteElo "1870"]
[BlackElo "2137"]
[PlyCount "134"]
[EventDate "2005.05.??"]

1. e4 d5 2. exd5 Qxd5 3. Nc3 Qa5 4. Bc4 Nf6 5. d3 c6 6. Nge2 Bf5 7. O-O e6 8.
Bf4 Nbd7 9. a3 Be7 10. Re1 O-O 11. Nd4 Rae8 12. Nxf5 Qxf5 13. Qf3 Nh5 14. Bg3
Qxf3 15. gxf3 b5 16. Bb3 e5 17. h4 Bc5 18. Ne4 Nxg3 19. Nxg3 Bb6 20. Ne4 Nc5
21. Nxc5 Bxc5 22. Re4 Re7 23. a4 Rfe8 24. Rae1 Kf8 25. axb5 cxb5 26. Bd5 f5 27.
R4e2 Bd6 28. Kg2 Rc8 29. c3 Rcc7 30. Kh3 Rc5 31. Bb3 Rc6 32. Kg2 b4 33. Bd5 Rc5
34. Bc4 bxc3 35. bxc3 Rc6 36. Bd5 Rxc3 37. Bc4 Ra3 38. Kh3 Bb4 39. Rb1 a5 40.
Kg2 Ke8 41. Bb5+ Kf7 42. Kh3 e4 43. fxe4 Rxe4 44. Re3 Rxe3+ 45. fxe3 Kf6 46.
Kg3 Bd6+ 47. Kf3 Ra2 48. Bd7 g6 49. Rb6 Ke7 50. Rb7 Kf8 51. Be6 Rd2 52. Rxh7
Rxd3 53. Ke2 Rc3 54. Rf7+ Ke8 55. Rg7 Bc5 56. Rxg6 Rxe3+ 57. Kd2 f4 58. Bg4 Kf7
59. Rg5 Bd6 60. Rf5+ Kg7 61. h5 a4 62. Rg5+ Kh8 63. Bf5 Re5 64. h6 f3 65. h7
Re8 66. Rg8+ Rxg8 67. hxg8=Q+ Kxg8 1/2-1/2

[Event "FRA Team Ch"]
[Site "REIMS"]
[Date "2002.??.??"]
[Round "10.2"]
[White "Van Elst, Andreas"]
[Black "Gormally, Dan"]
[Result "1-0"]
[WhiteElo "2294"]
[BlackElo "2514"]
[PlyCount "31"]
[EventDate "2005.05.??"]

1. d4 Nf6 2. c4 g6 3. Nc3 d5 4. Nf3 Bg7 5. Bf4 O-O 6. Rc1 dxc4 7. e4 Bg4 8.
Bxc4 Nh5 9. Be3 Bxf3 10. Qxf3 Bxd4 11. O-O Bxe3 12. Qxe3 e6 13. e5 Nc6 14. Rfd1
Qh4 15. Bb5 Ne7 16. Rd4 1-0

[Event "FRA Team Ch"]
[Site "REIMS"]
[Date "2002.??.??"]
[Round "10.3"]
[White "Nijboer, Friso"]
[Black "Kramo, Sosthene"]
[Result "1-0"]
[WhiteElo "2578"]
[BlackElo "1950"]
[PlyCount "53"]
[EventDate "2005.05.??"]

1. e4 e5 2. Nf3 Nc6 3. Bb5 a6 4. Ba4 Nf6 5. O-O Be7 6. Re1 b5 7. Bb3 O-O 8. h3
d5 9. exd5 Nxd5 10. Nxe5 Nxe5 11. Rxe5 Nf6 12. d3 Bd6 13. Re1 Ng4 14. Qf3 Qh4
15. Re4 h5 16. Bf4 Bb7 17. Bxd6 Bxe4 18. dxe4 cxd6 19. hxg4 hxg4 20. Qg3 Qh5
21. Nc3 Rae8 22. Qxd6 Re5 23. Ne2 Qg5 24. Ng3 g6 25. Rd1 Kg7 26. Nf5+ Rxf5 27.
exf5 1-0

[Event "FRA Team Ch"]
[Site "REIMS"]
[Date "2002.??.??"]
[Round "11.2"]
[White "Kosten, Anthony C"]
[Black "Gallagher, Joseph G"]
[Result "1/2-1/2"]
[WhiteElo "2536"]
[BlackElo "2498"]
[PlyCount "57"]
[EventDate "2005.05.??"]
[WhiteTeam "Monaco"]
[BlackTeam "Cannes"]

1. c4 g6 2. g3 Bg7 3. Bg2 d6 4. Nc3 e5 5. e3 Nf6 6. Nge2 O-O 7. O-O c6 8. d4
Nbd7 9. b3 Re8 10. Qc2 exd4 11. Nxd4 Qe7 12. Bb2 Nc5 13. Rad1 a5 14. h3 h5 15.
Rfe1 Nfe4 16. Nxe4 Nxe4 17. Nf3 a4 18. Bxg7 Kxg7 19. Nd2 Nxd2 20. Qxd2 axb3 21.
axb3 Rd8 22. Qd4+ Qf6 23. e4 Qxd4 24. Rxd4 Be6 25. Red1 Ra3 26. b4 Rb3 27. c5
d5 28. exd5 Bxd5 29. Bxd5 1/2-1/2

[Event "FRA Team Ch"]
[Site "REIMS"]
[Date "2002.??.??"]
[Round "11.4"]
[White "Dorfman, Josif D"]
[Black "Godena, Michele"]
[Result "1/2-1/2"]
[WhiteElo "2613"]
[BlackElo "2481"]
[PlyCount "34"]
[EventDate "2005.05.??"]
[WhiteTeam "Monaco"]
[BlackTeam "Cannes"]

1. c4 Nf6 2. Nc3 e5 3. Nf3 Nc6 4. e3 Bb4 5. Qc2 Bxc3 6. Qxc3 Qe7 7. a3 d5 8.
cxd5 Nxd5 9. Qb3 Nf6 10. d3 e4 11. Nd2 exd3 12. Bxd3 O-O 13. O-O Rd8 14. Re1
Ng4 15. h3 Nce5 16. Bf1 Qh4 17. Re2 Nf6 1/2-1/2

[Event "FRA Team Ch"]
[Site "REIMS"]
[Date "2002.??.??"]
[Round "11.5"]
[White "Fontaine, Robert"]
[Black "Marciano, David"]
[Result "1/2-1/2"]
[WhiteElo "2484"]
[BlackElo "2505"]
[PlyCount "133"]
[EventDate "2005.05.??"]
[WhiteTeam "Cannes"]
[BlackTeam "Monaco"]

1. e4 e5 2. Nf3 Nc6 3. d4 exd4 4. Nxd4 Nf6 5. Nxc6 bxc6 6. e5 Qe7 7. Qe2 Nd5 8.
c4 Ba6 9. b3 g6 10. f4 Qb4+ 11. Bd2 Qb6 12. Qf3 Nb4 13. Kd1 Bb7 14. Nc3 c5 15.
Nd5 Bg7 16. Bxb4 cxb4 17. Kc2 Bxd5 18. cxd5 O-O 19. Bc4 d6 20. Rae1 Rae8 21.
Re4 f5 22. exf6 Rxe4 23. Qxe4 Bxf6 24. Re1 Qf2+ 25. Re2 Qg1 26. Re1 Qxh2 27.
Bb5 Bg7 28. Rf1 Kh8 29. f5 gxf5 30. Rxf5 Rxf5 31. Qxf5 Qxg2+ 32. Kd3 Qg3+ 33.
Ke4 Qe1+ 34. Kf3 Qh1+ 35. Ke2 Qg2+ 36. Kd3 Qg6 37. Bd7 Qxf5+ 38. Bxf5 Bb2 39.
Ke4 Kg7 40. Bd7 Kf6 41. Bc8 Kg5 42. Be6 Be5 43. Bd7 h6 44. Be6 Kh4 45. Kf3 Bd4
46. Bd7 Bb6 47. Be6 a5 48. Kf4 Bd4 49. Kf3 Ba7 50. Kf4 Bb6 51. Kf3 Kg5 52. Ke4
h5 53. Bd7 Kh4 54. Kf4 Bg1 55. Be6 Bh2+ 56. Kf3 Be5 57. Bd7 Kg5 58. Ke4 Bh2 59.
Be6 Bg1 60. Bd7 Bb6 61. Be6 Bf2 62. Bd7 Ba7 63. Bc8 Bb8 64. Be6 Kh4 65. Kf3 Ba7
66. Kf4 Bb6 67. Kf3 1/2-1/2

[Event "FRA Team Ch"]
[Site "REIMS"]
[Date "2002.??.??"]
[Round "11.6"]
[White "Rotstein, Arkadij"]
[Black "Anic, Darko"]
[Result "1-0"]
[WhiteElo "2553"]
[BlackElo "2457"]
[PlyCount "67"]
[EventDate "2005.05.??"]
[WhiteTeam "Monaco"]
[BlackTeam "Cannes"]

1. d4 c6 2. Nf3 Nf6 3. c4 d6 4. Nc3 Nbd7 5. e4 e5 6. Be2 Be7 7. O-O O-O 8. Re1
a6 9. Rb1 Re8 10. b4 Bf8 11. Bf1 b5 12. a4 bxa4 13. Qxa4 exd4 14. Nxd4 Bb7 15.
Nxc6 Qc7 16. Na5 Nxe4 17. Qc2 Nxc3 18. Qxc3 Be4 19. Ra1 Rab8 20. Bf4 Nf6 21.
Qd2 Rbd8 22. Qd4 Ba8 23. h3 Qb8 24. b5 axb5 25. cxb5 Rc8 26. b6 Rxe1 27. Rxe1
Bc6 28. Ba6 Re8 29. Rxe8 Bxe8 30. b7 Bd7 31. Qc4 Qe8 32. Be3 d5 33. Qc7 d4 34.
b8=Q 1-0

[Event "FRA Team Ch"]
[Site "REIMS"]
[Date "2002.??.??"]
[Round "11.7"]
[White "Chabanon, Jean-Luc"]
[Black "Efimov, Igor"]
[Result "0-1"]
[WhiteElo "2483"]
[BlackElo "2446"]
[PlyCount "84"]
[EventDate "2005.05.??"]
[WhiteTeam "Cannes"]
[BlackTeam "Monaco"]

1. d4 Nf6 2. c4 e6 3. Nf3 d5 4. g3 dxc4 5. Bg2 a6 6. O-O Nc6 7. Nc3 Rb8 8. e4
Be7 9. d5 Nb4 10. Ne5 exd5 11. exd5 Bf5 12. a3 Nd3 13. Nxc4 Nxc1 14. Rxc1 O-O
15. Re1 Re8 16. Qf3 Bg6 17. h3 Bc5 18. Rxe8+ Qxe8 19. Rd1 Qe7 20. d6 cxd6 21.
b4 Ba7 22. Qf4 Rc8 23. Nd5 Qe2 24. Bf1 Qxd1 25. Ne7+ Kh8 26. Nxc8 Bd4 27. N8xd6
h6 28. Qd2 Qa1 29. Na5 Bb6 30. Naxb7 Qxa3 31. Kh2 Qf3 32. Qe2 Qc3 33. b5 axb5
34. Nxb5 Qc1 35. N7d6 Qc5 36. Bg2 h5 37. Qa2 h4 38. Qa8+ Kh7 39. Qa4 hxg3+ 40.
Kxg3 Qxf2+ 41. Kh2 Qg1+ 42. Kg3 Nh5+ 0-1

[Event "FRA Team Ch"]
[Site "REIMS"]
[Date "2002.??.??"]
[Round "11.8"]
[White "Miralles, Gilles"]
[Black "Armas, Julius"]
[Result "1/2-1/2"]
[WhiteElo "2467"]
[BlackElo "2385"]
[PlyCount "27"]
[EventDate "2005.05.??"]
[WhiteTeam "Monaco"]
[BlackTeam "Cannes"]

1. e4 c5 2. c3 d5 3. exd5 Qxd5 4. d4 e5 5. dxe5 Qxe5+ 6. Be3 Nf6 7. Nf3 Qc7 8.
Bb5+ Bd7 9. Na3 Be7 10. Qa4 O-O 11. O-O-O a6 12. Bxd7 Nbxd7 13. Bf4 Qc8 14.
Rhe1 1/2-1/2

[Event "FRA Team Ch"]
[Site "REIMS"]
[Date "2002.??.??"]
[Round "11.9"]
[White "Leconte, Maria"]
[Black "Lallemand, Roza"]
[Result "1-0"]
[WhiteElo "2308"]
[BlackElo "2300"]
[PlyCount "82"]
[EventDate "2005.05.??"]
[WhiteTeam "Cannes"]
[BlackTeam "Monaco"]

1. e4 c5 2. Nc3 Nc6 3. g3 g6 4. Bg2 Bg7 5. d3 d6 6. Be3 e6 7. Qd2 Rb8 8. Nf3 b5
9. d4 b4 10. Ne2 Nf6 11. e5 Ne4 12. Qd1 d5 13. h4 Qc7 14. dxc5 Nxe5 15. Nxe5
Bxe5 16. Bxe4 dxe4 17. Bd4 Bb7 18. Bxe5 Qxe5 19. Qd4 Qxd4 20. Nxd4 Bd5 21. a3
bxa3 22. b3 O-O 23. Rxa3 Rfc8 24. Ra5 e5 25. Ne2 e3 26. O-O exf2+ 27. Kxf2 f5
28. Nc3 Bb7 29. Rd1 a6 30. Nd5 Kf7 31. Nb6 Rc7 32. Nc4 e4 33. Rd6 Re8 34. Ke3
Ree7 35. c6 Bc8 36. Ne5+ Kg7 37. Kf4 Ra7 38. b4 Be6 39. b5 e3 40. Kxe3 Ra8 41.
b6 Rae8 1-0

[Event "FRA Team Ch"]
[Site "REIMS"]
[Date "2002.??.??"]
[Round "11.4"]
[White "Vaisser, Anatoly"]
[Black "Apicella, Manuel"]
[Result "1-0"]
[WhiteElo "2572"]
[BlackElo "2513"]
[PlyCount "75"]
[EventDate "2005.05.??"]
[WhiteTeam "Nice"]
[BlackTeam "Clichy"]

1. d4 d5 2. c4 e6 3. Nc3 c6 4. e4 Bb4 5. Bd3 Ne7 6. Nf3 c5 7. a3 Bxc3+ 8. bxc3
Nbc6 9. O-O O-O 10. Re1 h6 11. Bb2 Na5 12. cxd5 exd5 13. exd5 c4 14. Be4 Nxd5
15. Ne5 Be6 16. a4 Re8 17. Qf3 Nf6 18. Bc2 Bd5 19. Qf5 Be6 20. Qf3 Bd5 21. Qf4
Nd7 22. Qf5 Nf8 23. f4 Be6 24. Qh5 f6 25. Ng4 Qd5 26. Qh4 Bf5 27. Rxe8 Rxe8 28.
Qh5 Re4 29. Bxe4 Qxe4 30. Nf2 Qc2 31. Re1 Qxb2 32. Qxf5 Qxc3 33. Rd1 Nb3 34. d5
Qe3 35. d6 Qe6 36. Qxe6+ Nxe6 37. d7 Nd8 38. Re1 1-0

[Event "FRA Team Ch"]
[Site "REIMS"]
[Date "2002.??.??"]
[Round "11.5"]
[White "Relange, Eloi"]
[Black "Sharif, Mehrshad"]
[Result "1-0"]
[WhiteElo "2491"]
[BlackElo "2476"]
[PlyCount "81"]
[EventDate "2005.05.??"]
[WhiteTeam "Clichy"]
[BlackTeam "Nice"]

1. d4 e6 2. c4 b6 3. e4 Bb7 4. Bd3 Bb4+ 5. Bd2 Qe7 6. Nf3 Nf6 7. e5 Ne4 8. O-O
Nxd2 9. Nbxd2 Bxd2 10. Nxd2 Nc6 11. Be4 O-O-O 12. Nf3 g5 13. Re1 g4 14. d5 gxf3
15. dxc6 dxc6 16. Qxf3 Rd2 17. Rad1 Rhd8 18. Rxd2 Rxd2 19. Qc3 Qg5 20. g3 Rd7
21. c5 Qd2 22. Qxd2 Rxd2 23. Bxh7 Kd7 24. h4 Ke7 25. h5 Ba6 26. h6 Bd3 27. Bxd3
Rxd3 28. h7 Rd8 29. Kg2 Rh8 30. Rh1 Kf8 31. b4 Kg7 32. f4 Rxh7 33. Rxh7+ Kxh7
34. Kf3 Kg6 35. Kg4 b5 36. Kh4 Kf5 37. Kh5 Ke4 38. Kg5 Kd3 39. Kf6 Kc3 40. Kxf7
Kxb4 41. f5 1-0

[Event "FRA Team Ch"]
[Site "REIMS"]
[Date "2002.??.??"]
[Round "11.6"]
[White "Nikolaidis, Ioannis"]
[Black "Verat, Laurent"]
[Result "1-0"]
[WhiteElo "2516"]
[BlackElo "2338"]
[PlyCount "111"]
[EventDate "2005.05.??"]
[WhiteTeam "Nice"]
[BlackTeam "Clichy"]

1. Nf3 d5 2. g3 Nf6 3. Bg2 e6 4. O-O Be7 5. d3 O-O 6. Nbd2 b6 7. e4 dxe4 8.
dxe4 Bb7 9. Qe2 a5 10. e5 Nfd7 11. Ne4 Na6 12. Rd1 Qc8 13. Bf4 Nac5 14. Nd4
Nxe4 15. Bxe4 Bxe4 16. Qxe4 Nc5 17. Qc6 Na6 18. c3 Bc5 19. Nb5 Qe8 20. Qxe8
Rfxe8 21. Rd7 Re7 22. Rad1 Kf8 23. R7d3 h6 24. h4 Ree8 25. Rd7 Rec8 26. Kf1 Ke8
27. Ke2 Be7 28. Be3 Rcb8 29. h5 Rb7 30. g4 Rd8 31. Rxd8+ Bxd8 32. f4 Be7 33.
Nd4 c5 34. Nc6 Rd7 35. Rxd7 Kxd7 36. Nxe7 Kxe7 37. Kd3 Kd7 38. f5 exf5 39. gxf5
Nc7 40. Ke4 Ke7 41. a4 Kd7 42. Bd2 Ke7 43. Bf4 Ne8 44. Kd5 Kd7 45. e6+ fxe6+
46. fxe6+ Ke7 47. Kc6 Nf6 48. Bh2 Nxh5 49. Kxb6 g5 50. Kxa5 g4 51. Kb6 g3 52.
Bg1 Nf6 53. a5 Nd5+ 54. Kc6 Kxe6 55. a6 Ne7+ 56. Kb7 1-0

[Event "FRA Team Ch"]
[Site "REIMS"]
[Date "2002.??.??"]
[Round "11.9"]
[White "Costagliola, Marina"]
[Black "Nicoara, Malina"]
[Result "1/2-1/2"]
[WhiteElo "2254"]
[BlackElo "2225"]
[PlyCount "91"]
[EventDate "2005.05.??"]
[WhiteTeam "Clichy"]
[BlackTeam "Nice"]

1. e4 c5 2. Nc3 Nc6 3. g3 g6 4. Bg2 Bg7 5. Nf3 d6 6. O-O Rb8 7. Nh4 e5 8. d3 b5
9. a3 a5 10. Nd5 Nce7 11. Ne3 Nh6 12. f4 exf4 13. gxf4 O-O 14. Qe1 f5 15. Bd2
b4 16. axb4 axb4 17. Nc4 fxe4 18. dxe4 d5 19. exd5 Nxd5 20. Ne5 Rb6 21. c4 bxc3
22. bxc3 Ba6 23. c4 Nb4 24. Bxb4 cxb4 25. Rd1 Rd6 26. Rxd6 Qxd6 27. Bd5+ Kh8
28. Qe4 Bxe5 29. fxe5 Rxf1+ 30. Kxf1 Qe7 31. Qd4 Ng8 32. Nf3 Kg7 33. Kg2 h5 34.
h4 Nh6 35. e6+ Kg8 36. Ne5 Kh7 37. Nc6 Qc7 38. Ne5 Nf5 39. Qf4 Qe7 40. Kh3 b3
41. Nxg6 Kxg6 42. Be4 Qf6 43. Qg3+ Kh6 44. Qf4+ Kg6 45. Qg3+ Kh6 46. Qf4+
1/2-1/2

[Event "FRA Team Ch"]
[Site "REIMS"]
[Date "2002.??.??"]
[Round "11.1"]
[White "Bacrot, Etienne"]
[Black "Shchekachev, Andrei"]
[Result "1/2-1/2"]
[WhiteElo "2653"]
[BlackElo "2555"]
[PlyCount "33"]
[EventDate "2005.05.??"]
[WhiteTeam "NAO Chess Club"]
[BlackTeam "Montpellier"]

1. d4 d5 2. c4 e6 3. Nc3 Be7 4. Nf3 Nf6 5. Qc2 Nc6 6. cxd5 exd5 7. a3 Bg4 8. e3
O-O 9. Bd3 Bd6 10. Bd2 Re8 11. O-O-O a6 12. h3 Bh5 13. Rdg1 Bg6 14. Bxg6 hxg6
15. h4 Qd7 16. Ng5 Ne7 17. Rh3 1/2-1/2

[Event "FRA Team Ch"]
[Site "REIMS"]
[Date "2002.??.??"]
[Round "11.5"]
[White "Skripchenko-Lautier, Almira"]
[Black "Santo-Roman, Marc"]
[Result "1-0"]
[WhiteElo "2484"]
[BlackElo "2417"]
[PlyCount "117"]
[EventDate "2005.05.??"]
[WhiteTeam "NAO Chess Club"]
[BlackTeam "Montpellier"]

1. e4 c5 2. Nf3 e6 3. d3 d5 4. Qe2 Nc6 5. g3 Nge7 6. Bg2 g6 7. O-O Bg7 8. c3
O-O 9. e5 h6 10. h4 f6 11. exf6 Rxf6 12. Nbd2 e5 13. Nh2 Qd6 14. Nb3 Rf8 15.
Ng4 Nf5 16. Re1 Kh7 17. Be3 d4 18. cxd4 Nfxd4 19. Bxd4 exd4 20. Rac1 b6 21. f4
Bd7 22. Nf2 Rae8 23. Ne4 Qb8 24. h5 Bf5 25. Nbd2 Kh8 26. Nc4 Re6 27. a3 g5 28.
Rf1 gxf4 29. Rxf4 Bxe4 30. Rxe4 Rxe4 31. Qxe4 Qxg3 32. Rf1 Na5 33. Rxf8+ Bxf8
34. Qf5 Qe1+ 35. Kh2 Qh4+ 36. Bh3 Be7 37. Ne5 Qf6 38. Ng6+ Kg8 39. Nxe7+ Qxe7
40. Qg6+ Qg7 41. Qe8+ Qf8 42. Be6+ Kh7 43. Qg6+ Kh8 44. Bf5 Qg7 45. Qe8+ Qg8
46. Qd7 Qg7 47. Qd8+ Qg8 48. Qd6 Qg7 49. Be4 c4 50. Bd5 Kh7 51. Qb8 Qg5 52.
Qxa7+ Qg7 53. Qb8 Qg5 54. Qc7+ Qg7 55. Be4+ Kh8 56. Qd8+ Qg8 57. Qxd4+ Qg7 58.
Qd8+ Qg8 59. Qxb6 1-0

[Event "FRA Team Ch"]
[Site "REIMS"]
[Date "2002.??.??"]
[Round "11.7"]
[White "Maze, Sebastien"]
[Black "Letreguilly, Olivier"]
[Result "1-0"]
[WhiteElo "2343"]
[BlackElo "2310"]
[PlyCount "43"]
[EventDate "2005.05.??"]
[WhiteTeam "NAO Chess Club"]
[BlackTeam "Montpellier"]

1. e4 e6 2. d3 d5 3. Nd2 Nf6 4. Qe2 Be7 5. Ngf3 O-O 6. g3 c5 7. Bg2 Nc6 8. O-O
Kh8 9. e5 Nd7 10. Re1 b5 11. Nf1 Qc7 12. Bf4 a5 13. Ne3 Nb6 14. h4 d4 15. Ng4
Nd5 16. Bd2 a4 17. Ng5 Bxg5 18. Bxg5 Nce7 19. Nf6 gxf6 20. exf6 Ng6 21. Bxd5
Bb7 22. Bxb7 1-0

[Event "FRA Team Ch"]
[Site "REIMS"]
[Date "2002.??.??"]
[Round "11.8"]
[White "Sarthou, Gaetan"]
[Black "Spiridonov, Nikola"]
[Result "0-1"]
[WhiteElo "2385"]
[BlackElo "2372"]
[PlyCount "72"]
[EventDate "2005.05.??"]
[WhiteTeam "Montpellier"]
[BlackTeam "NAO Chess Club"]

1. d4 Nf6 2. Bg5 e6 3. e4 h6 4. Bxf6 Qxf6 5. Nc3 Bb4 6. Qd2 d6 7. Bc4 e5 8.
Nge2 Nc6 9. dxe5 Nxe5 10. Bb3 Be6 11. Bxe6 Qxe6 12. a3 Ba5 13. f4 Ng4 14. O-O-O
O-O 15. h3 Nf6 16. Qd3 Bxc3 17. Nxc3 Rad8 18. Rhe1 Rd7 19. Kb1 c6 20. g4 Rc8
21. Qf3 Qc4 22. h4 d5 23. e5 Ne4 24. Ne2 Nc5 25. Nd4 Ne6 26. Nxe6 fxe6 27. f5
Rf7 28. b3 Qc5 29. f6 Qxa3 30. g5 d4 31. Qh3 Rd8 32. Rxd4 Rxd4 33. g6 Ra4 34.
gxf7+ Kxf7 35. Qc3 Qa2+ 36. Kc1 Qa1+ 0-1

[Event "FRA Team Ch"]
[Site "REIMS"]
[Date "2002.??.??"]
[Round "11.9"]
[White "De Sousa, Jose-Claude"]
[Black "Flear, Christine"]
[Result "1/2-1/2"]
[WhiteElo "2279"]
[BlackElo "2171"]
[PlyCount "79"]
[EventDate "2005.05.??"]
[WhiteTeam "NAO Chess Club"]
[BlackTeam "Montpellier"]

1. e4 c5 2. Nf3 e6 3. d4 cxd4 4. Nxd4 a6 5. Bd3 Nf6 6. O-O d6 7. c4 Bd7 8. Nc3
Nc6 9. Nxc6 Bxc6 10. Qe2 Be7 11. f4 g6 12. Kh1 O-O 13. b4 d5 14. exd5 exd5 15.
f5 Bxb4 16. Nxd5 Nxd5 17. cxd5 Qxd5 18. fxg6 hxg6 19. Bc4 Rae8 20. Qc2 Qh5 21.
Bf4 a5 22. Rad1 Kh7 23. Bg3 f5 24. Rf4 Re4 25. Rff1 Re3 26. Bf4 Rc3 27. Qe2
Qxe2 28. Bxe2 Rc2 29. Bf3 Bxf3 30. Rxf3 Rf7 31. Rh3+ Kg8 32. Rg3 Kh7 33. Rh3+
Kg8 34. Rg3 Rf6 35. a3 Bd6 36. Bxd6 Rxd6 37. Rb1 Rc7 38. h3 Rf7 39. Rgb3 Rdd7
40. Rb6 1/2-1/2

[Event "FRA Team Ch"]
[Site "REIMS"]
[Date "2002.??.??"]
[Round "11.1"]
[White "Sokolov, Andrei"]
[Black "Beikert, Guenther"]
[Result "1/2-1/2"]
[WhiteElo "2604"]
[BlackElo "2438"]
[PlyCount "45"]
[EventDate "2005.05.??"]
[WhiteTeam "Mulhouse"]
[BlackTeam "Gonfreville"]

1. e4 e5 2. Nf3 Nf6 3. Nxe5 d6 4. Nf3 Nxe4 5. d4 d5 6. Bd3 Be7 7. O-O Nc6 8. c4
Nb4 9. Be2 O-O 10. a3 Nc6 11. cxd5 Qxd5 12. Nc3 Nxc3 13. bxc3 Bf5 14. Bf4 Rac8
15. Nd2 Qd8 16. Nc4 Bd6 17. Qd2 Bxf4 18. Qxf4 Be6 19. Ne3 Ne7 20. Bd3 c5 21.
Qe4 g6 22. Qxb7 Nd5 23. Nxd5 1/2-1/2

[Event "FRA Team Ch"]
[Site "REIMS"]
[Date "2002.??.??"]
[Round "11.2"]
[White "Vallin, Guillaume"]
[Black "Pelletier, Yannick"]
[Result "1/2-1/2"]
[WhiteElo "2390"]
[BlackElo "2568"]
[PlyCount "41"]
[EventDate "2005.05.??"]
[WhiteTeam "Gonfreville"]
[BlackTeam "Mulhouse"]

1. d4 e6 2. c4 Nf6 3. Nc3 Bb4 4. e3 O-O 5. Bd3 d5 6. a3 Bxc3+ 7. bxc3 dxc4 8.
Bxc4 c5 9. Nf3 Qc7 10. Be2 b6 11. O-O Bb7 12. c4 Nbd7 13. Bb2 Rfd8 14. Qb3 Rac8
15. Rfc1 Ng4 16. h3 Bxf3 17. Bxf3 Qh2+ 18. Kf1 Nh6 19. d5 Ne5 20. Bxe5 Qxe5 21.
g3 1/2-1/2

[Event "FRA Team Ch"]
[Site "REIMS"]
[Date "2002.??.??"]
[Round "11.4"]
[White "Eliet, Nicolas"]
[Black "Marzolo, Cyril"]
[Result "1/2-1/2"]
[WhiteElo "2400"]
[BlackElo "2405"]
[PlyCount "103"]
[EventDate "2005.05.??"]
[WhiteTeam "Gonfreville"]
[BlackTeam "Mulhouse"]

1. d4 d5 2. Nf3 Nf6 3. c4 c6 4. e3 a6 5. Nbd2 Bf5 6. Qb3 Qc7 7. Nh4 e6 8. Nxf5
exf5 9. g3 Nbd7 10. Bg2 Nb6 11. O-O g6 12. Qc2 Bg7 13. b3 O-O 14. Ba3 Rfe8 15.
cxd5 Nbxd5 16. Rae1 Rad8 17. Nc4 h5 18. f3 h4 19. gxh4 Nh5 20. f4 Bf6 21. Ne5
Bxh4 22. Re2 Be7 23. Bb2 Bd6 24. Bf3 Nhf6 25. Rff2 Kg7 26. Rg2 Qc8 27. a3 Rh8
28. Re1 Rh3 29. Rg3 Rh6 30. Qg2 Rdh8 31. Re2 Qe6 32. Qf1 Rh4 33. Qe1 R8h6 34.
Reg2 Ng8 35. Bd1 Nge7 36. Qd2 f6 37. Nd3 Rh3 38. Bc1 R3h4 39. Nc5 Qc8 40. Bc2
b6 41. Nd3 a5 42. Ne1 Rh3 43. Bd3 Qh8 44. Bf1 Rxg3 45. Rxg3 Qc8 46. Nf3 Rh8 47.
h4 Qe6 48. Bd3 Qc8 49. Rh3 Rh5 50. Rg3 Rh8 51. Rh3 Rh5 52. Rg3 1/2-1/2

[Event "FRA Team Ch"]
[Site "REIMS"]
[Date "2002.??.??"]
[Round "11.5"]
[White "Claverie, Christophe"]
[Black "Gouret, Thierry"]
[Result "0-1"]
[WhiteElo "2398"]
[BlackElo "2257"]
[PlyCount "94"]
[EventDate "2005.05.??"]
[WhiteTeam "Mulhouse"]
[BlackTeam "Gonfreville"]

1. d4 d5 2. c4 e6 3. Nf3 c5 4. e3 Nc6 5. Nc3 Nf6 6. a3 cxd4 7. exd4 Be7 8. Be2
O-O 9. O-O b6 10. Bg5 dxc4 11. Bxc4 Bb7 12. Qd3 Nd5 13. Bd2 Nxc3 14. Bxc3 Na5
15. Bxa5 bxa5 16. Ne5 Bf6 17. Rfe1 Qd6 18. Rad1 g6 19. Qd2 Bxe5 20. Rxe5 Bxg2
21. Kxg2 Qc6+ 22. Bd5 exd5 23. Qxa5 Rfd8 24. Rd3 Qc4 25. Qd2 Rac8 26. Rc3 Qb5
27. Rh3 Qd7 28. Qg5 Re8 29. Qh4 f5 30. Rhe3 Rxe5 31. Rxe5 Re8 32. Qf6 a5 33. b4
axb4 34. axb4 Qb5 35. h3 Qd7 36. Qb6 Kf7 37. Rxe8 Kxe8 38. b5 Kf7 39. Qc5 Qe6
40. Qc7+ Kf6 41. b6 Qe4+ 42. Kg3 Qd3+ 43. f3 Qxd4 44. Qd6+ Kf7 45. b7 Qg1+ 46.
Kh4 Qf2+ 47. Qg3 g5+ 0-1

[Event "FRA Team Ch"]
[Site "REIMS"]
[Date "2002.??.??"]
[Round "11.6"]
[White "Vasseur, Patrick"]
[Black "Herb, Pascal"]
[Result "0-1"]
[WhiteElo "2158"]
[BlackElo "2307"]
[PlyCount "64"]
[EventDate "2005.05.??"]
[WhiteTeam "Gonfreville"]
[BlackTeam "Mulhouse"]

1. d4 Nf6 2. c4 e6 3. Nc3 d5 4. cxd5 exd5 5. Bg5 Be7 6. e3 O-O 7. Bd3 Re8 8.
Nge2 Nbd7 9. O-O Nf8 10. Qc2 g6 11. f3 Ne6 12. Bh4 c6 13. Rae1 b6 14. Kh1 Bb7
15. Ng1 c5 16. Bf2 c4 17. Be2 Bc6 18. f4 b5 19. Nf3 b4 20. Ne5 Qc8 21. f5 bxc3
22. fxe6 Qxe6 23. Bh4 cxb2 24. Qxb2 Rab8 25. Qc2 Nd7 26. Bxe7 Rxe7 27. Nf3 Qd6
28. Qc1 Kg7 29. Bd1 Qb4 30. Bc2 Qc3 31. Ng5 Rb2 32. Re2 Ba4 0-1

[Event "FRA Team Ch"]
[Site "REIMS"]
[Date "2002.??.??"]
[Round "11.7"]
[White "Bonnet, Edouard"]
[Black "Vaugeois, Cyrille"]
[Result "1/2-1/2"]
[WhiteElo "2194"]
[BlackElo "2134"]
[PlyCount "63"]
[EventDate "2005.05.??"]
[WhiteTeam "Mulhouse"]
[BlackTeam "Gonfreville"]

1. e4 c5 2. Nf3 e6 3. d4 cxd4 4. Nxd4 Nf6 5. Nc3 Nc6 6. Ndb5 Bb4 7. a3 Bxc3+ 8.
Nxc3 d5 9. exd5 Nxd5 10. Nxd5 Qxd5 11. Qxd5 exd5 12. Bf4 Be6 13. O-O-O O-O 14.
Bd3 Rac8 15. b3 Nb8 16. Kb2 Nd7 17. Be2 Nf6 18. Be3 a6 19. Bd3 Rc6 20. f3 Rfc8
21. Bd4 Nd7 22. c3 Nc5 23. Bc2 b5 24. b4 Na4+ 25. Bxa4 bxa4 26. g4 Re8 27. Rde1
Bd7 28. Rxe8+ Bxe8 29. Re1 Re6 30. Re5 Rxe5 31. Bxe5 Bb5 32. g5 1/2-1/2

[Event "FRA Team Ch"]
[Site "REIMS"]
[Date "2002.??.??"]
[Round "11.8"]
[White "Gervais, Claire"]
[Black "Muller, Anne"]
[Result "1/2-1/2"]
[WhiteElo "2169"]
[BlackElo "2167"]
[PlyCount "35"]
[EventDate "2005.05.??"]
[WhiteTeam "Gonfreville"]
[BlackTeam "Mulhouse"]

1. d4 Nf6 2. c4 e6 3. Nc3 Bb4 4. Qc2 c5 5. dxc5 O-O 6. g3 Bxc5 7. Nf3 Qb6 8. e3
Be7 9. Bd3 d6 10. O-O Nbd7 11. b4 a6 12. h3 Qc7 13. e4 b6 14. Be3 Bb7 15. Rfe1
Rac8 16. Qe2 Rfe8 17. Bd4 Bf8 18. Nd2 1/2-1/2

[Event "FRA Team Ch"]
[Site "REIMS"]
[Date "2002.??.??"]
[Round "11.9"]
[White "Schmitt, Claude"]
[Black "Leblon, Georges"]
[Result "1-0"]
[WhiteElo "1920"]
[BlackElo "2008"]
[PlyCount "96"]
[EventDate "2005.05.??"]
[WhiteTeam "Mulhouse"]
[BlackTeam "Gonfreville"]

1. c4 c6 2. Nc3 Nf6 3. g3 d5 4. cxd5 cxd5 5. Bg2 Nc6 6. d4 e6 7. Nh3 Be7 8. O-O
O-O 9. Bf4 a6 10. a3 Qb6 11. e3 Na5 12. Na4 Qb5 13. b4 Nc4 14. Bg5 Bd7 15. Nc5
Bc6 16. Nf4 h6 17. Bxf6 Bxf6 18. Nfd3 Qb6 19. a4 Qc7 20. Qc2 b6 21. Nxa6 Rxa6
22. b5 Ra5 23. bxc6 Qxc6 24. Nb2 Rc8 25. Rfc1 Qd7 26. Bf1 Qc6 27. Nxc4 dxc4 28.
Qxc4 Qxc4 29. Bxc4 Rc7 30. Bb5 Raa7 31. Kf1 Kf8 32. Ke2 Ke7 33. Kd1 e5 34. d5
e4 35. Ra2 Rxc1+ 36. Kxc1 Kd6 37. Bc6 g5 38. g4 Be5 39. h3 f5 40. Rc2 fxg4 41.
hxg4 Rf7 42. Kd1 Rf3 43. Ke2 Rh3 44. Rc4 Rh2 45. Rxe4 h5 46. Kf3 Rh3+ 47. Kg2
Rh2+ 48. Kf1 Rh4 1-0